000 00324nam a22001337a 4500
999 _c15660
_d15660
003 OSt
008 190524b ||||| |||| 00| 0 eng d
020 _a978819103881
082 _a631.3
245 _aAgricultural Technologies : Agricultural Engineering
260 _aNew Delhi
_bICAR
_c2014
300 _a143 p.
942 _cBK